000 00598nmm a2200229 a 4500
003 AR-BaBNM
005 20251128204419.0
008 236119s1993 ||||||||||||||000 | spa||
020 _a950-40-0002-5
040 _cAR-BaBNM
100 1 _aCook, Chris
245 1 0 _aDiccionario de términos históricos
260 _aBuenos Aires
_bAlianza Editorial
_c1993
300 0 _a523 p.
650 4 _aDICCIONARIOS
650 4 _aENSENANZA DE LA HISTORIA
650 4 _aINVESTIGACION HISTORICA
655 _aREFERENCIA
700 1 _aFontenla, Fernando S.
_etraductor
942 _cBK
998 _cenrique
999 _c7355
_d7355